Речник на бъдното (Запис номер 111356)
[ съкратено ]
| 000 -Лидер | |
|---|---|
| Контролно поле с фиксирана дължина | 01865nam a2200421 c 4500 |
| 003 - Код на организацията, давaща контролен номер | |
| Контролно поле | BLK |
| 005 - Дата и час на последна редакция | |
| Контролно поле | 20250228005530.0 |
| 008 - Елементи от данни с фиксирана дължина | |
| fixed length control field | 180409b bul|||||r ||||||| ||bul|| |
| 010 ## - Наследен системен номер | |
| LC control number | KNG00116696000 |
| 020 ## - Международен стандартен номер на книга ISBN | |
| Международен стандартен номер на книга ISBN | 954-320-012-2 |
| -- | издат.: Рива |
| 040 ## - Източник на каталожния запис | |
| Идентификатор на билиотеката - собственик на записа | BLK |
| 041 ## - Код за език | |
| Код за езика на текст/звукозапис или на отделно заглавие | Български |
| Код за езика КДБФ | Български |
| 080 ## - УДК | |
| Текстов определител УДК | Футурология |
| УДК код - определител по УДК | 008.2 |
| УДК определител | (031) |
| УДК - код + определител | 008.2(031) |
| 080 ## - УДК | |
| Текстов определител УДК | Социология. Вж и 1 ; 159.9 ; 308 ; 314 ; 39 |
| УДК код - определител по УДК | 316 |
| УДК определител | (031) |
| УДК - код + определител | 316(031) |
| 100 1# - Редна дума - Автор | |
| Автор | Борман, Норберт |
| Авторска отговорност | първи автор |
| R(LIN) | 312154 |
| 139 ## - Редно поле | |
| Редна дума | Борман, Норберт |
| Авторски знак | Борл - Б 66 |
| 245 10 - Сведения за заглавието | |
| Заглавие | Речник на бъдното |
| Подзаглавни данни | Тенденции, прогнози, прорицания |
| Редно поле (дума) | Норберт Борман; прев. от нем. Фросина Парашкевова; прев. от нем. Борис Парашкевов. |
| 257 ## - Страна на издаване | |
| Страна на създаване/издаване | Германия |
| 260 ## - Област на издателските данни | |
| -- | София |
| Име на издателя, разпространителя и проч. | Рива |
| Година на издаване | 2004 |
| Печатница | София : Симолини 94 |
| 300 ## - Физическа характеристика | |
| Страници | 272 с. |
| Размери/Мащаб | 24 см |
| 380 ## - Жанр | |
| Жанр | Общ отдел |
| 500 ## - Общи забележки | |
| Забележка | Ориг. загл. Das Lexikon der zukunft : Trends, Prognosen, Prophezeiungen / Norbert Borrmann. - Офс. изд. |
| 650 #4 - Допълнително описание по предмет – тема | |
| Основно описание – тема или топоним | Научно предвиждане и прогнозиране |
| 9 (RLIN) | 251660 |
| 650 #0 - Допълнително описание по предмет – тема | |
| Основно описание – тема или топоним | Глобални проблеми на човечеството |
| 9 (RLIN) | 270201 |
| 653 ## - Ключова дума – ненормативна | |
| Ключова дума | бъдеще |
| 653 ## - Ключова дума – ненормативна | |
| Ключова дума | прогнозиране |
| 653 ## - Ключова дума – ненормативна | |
| Ключова дума | научно предвиждане |
| 653 ## - Ключова дума – ненормативна | |
| Ключова дума | глобално развитие |
| 653 ## - Ключова дума – ненормативна | |
| Ключова дума | справочници |
| 700 1# - Други автори (авторска отговорност) | |
| Лично име | Парашкевова, Фросина |
| Автороска отговорност (Описва отношението между автора и произведението) | прев. от нем. |
| 9 (RLIN) | 371810 |
| 700 1# - Други автори (авторска отговорност) | |
| Лично име | Парашкевов, Борис |
| Автороска отговорност (Описва отношението между автора и произведението) | прев. от нем. |
| 9 (RLIN) | 368147 |
| 852 ## - Местоположение | |
| Форматна сигнатура | Цб 222048 |
| 856 4# - Електронен адрес и достъп | |
| Електронен формат | pdf - файл |
| Път до файла /url/ | |
| 856 4# - Електронен адрес и достъп | |
| Електронен формат | pdf - файл |
| Път до файла /url/ | |
| 942 ## - АРТИКУЛИ | |
| Вид на библиотечния материал | Книги |
| Скрит в OPAC | Не |
| 944 ## - СЪЗДАВАНЕ И РЕДАКЦИЯ на ЗАПИСА | |
| Създаване/Редакция | Създаване |
| Дата на регистрацията/редакция | 22.12.2004 |
| Служител, извършил регистрацията/редакцията | |
| Статус, дата на статуса | CRON CRON |
| 944 ## - СЪЗДАВАНЕ И РЕДАКЦИЯ на ЗАПИСА | |
| Създаване/Редакция | Редакция |
| Дата на регистрацията/редакция | 31.01.2006 |
| Служител, извършил регистрацията/редакцията | |
| 999 ## - СИСТЕМНИ КОНТРОЛНИ НОМЕРА | |
| Koha biblionumber | 111356 |
| Koha biblioitemnumber | 111356 |
| Код за отписване | Код за изгубен артикул | Източник на класификационната схема | Код за повреда | Коз за рестрикции | Код за отдаване | Артикулен № | Име на библиотеката - собственик | Име на библиотеката, в която се намира в момента | Статус (Текущо местоположение) | Дата на вписване в системата | Местоположение - отдел | Цена в лева | Инвентарен номер | Систематично азбучна сигнатура | Баркод | Номер на екземпляра | Цена в евро | Служебна бележка | Служебен тип на артикула |
|---|---|---|---|---|---|---|---|---|---|---|---|---|---|---|---|---|---|---|---|
| Не е изгубен | Universal Decimal Classification | Не е повреден | без рестрикции | заемане за дома | 178771 | Регионална библиотека "Любен Каравелов" Русе | Регионална библиотека "Любен Каравелов" Русе | Заемна - подръчен фонд | 2004-12-22 | Заемна - подръчен фонд | 10.50 | 120000690767 | 008(031)/Б 66 | 120000690767 | 1 | 5.37 | Дост: Pk Вид: Ф N: 32 Дата: 17.12.2004 Дата инв: 15.02.2018 Бележки инв: СП2018 | Книги | |
| Не е изгубен | Не е повреден | без рестрикции | ползва се в читалня | 178772 | Регионална библиотека "Любен Каравелов" Русе | Регионална библиотека "Любен Каравелов" Русе | Хранилище | 2006-01-25 | Хранилище | 10.50 | 120000699570 | Цб 222048 | 120000699570 | 2 | 5.37 | Дост: Dp Вид: Д N: 3 Дата: 05.01.2005 | Книги |